000 00203 a2200097 4500
001 29145
100 _aAhmad, F
245 _aMahmood of Ghazni
260 _a
_bMuhammad Ashraf
_c
090 _c19471
_d19471
942 _aNUST-CAE
_cM
_c10526
999 _c264218
_d264218